Statistics for Top New York Colleges and Universities

Click here to take the quiz!

General Stats

  • This quiz has been taken 384 times
  • The average score is 15 of 56

Answer Stats

RankAnswer% Correct
#5Columbia University
94%
#56New York University
93%
#19Cornell University
84%
#123Syracuse University
66%
#223SUNY, Stony Brook
56%
#163Fordham University
50%
#300SUNY, Buffalo
50%
#389SUNY, Albany
46%
#139SUNY, Binghamton
46%
#321Ithaca College
45%
#383Hofstra University
44%
#349Rochester Institute of Technology
40%
#61University of Rochester
38%
#36Colgate University
38%
#407St. John's University
35%
#27Vassar College
34%
#233Manhattan College
33%
#105Rensselaer Polytechnic Institute
32%
#47Hamilton College
32%
#381CUNY, Hunter College
31%
#54Barnard College
30%
#301CUNY, Brooklyn College
28%
#409Pace University
27%
#137CUNY, City College
27%
#334CUNY, Queens College
25%
#375Marist College
22%
#280CUNY, Baruch College
22%
#58Union College
22%
#131Sarah Lawrence College
20%
#166Bard College
20%
#115Skidmore College
18%
#135Yeshiva University
18%
#422Adelphi University
18%
#377Siena College
18%
#250SUNY, Geneseo
17%
#436New School
16%
#67Cooper Union
14%
#187Clarkson University
12%
#129Saint Lawrence University
12%
#7United States Military Academy
12%
#297Saint Joseph's College
12%
#337Wagner College
11%
#438Alfred University
10%
#461St. Francis College
10%
#464Canisius College
9%
#108Hobart and William Smith Colleges
9%
#398Le Moyne College
9%
#474St. John Fisher College
8%
#556Elmira College
8%
#472Wells College
7%
#320SUNY, College of Environmental Science and Forestry
6%
#323Hartwick College
5%
#533Russell Sage College
4%
#475Houghton College
3%
#165United States Merchant Marine Academy
2%
#239Polytechnic Institute of NYU
0%

Score Distribution

Percentile by Number Answered

Percent of People with Each Score

Your Score History

You have not taken this quiz